Differentiating instruction in the regular classroom : (Record no. 48649)
[ view plain ]
| 000 -LEADER | |
|---|---|
| fixed length control field | 00761nam a2200217Ia 4500 |
| 008 - FIXED-LENGTH DATA ELEMENTS--GENERAL INFORMATION | |
| fixed length control field | 140321s9999 xx 000 0 und d |
| 020 ## - INTERNATIONAL STANDARD BOOK NUMBER | |
| International Standard Book Number | 9781575424163 |
| 050 ## - LIBRARY OF CONGRESS CALL NUMBER | |
| Classification number | LB 1031 |
| Item number | .H39 2012 |
| 100 ## - MAIN ENTRY--PERSONAL NAME | |
| Personal name | Heacox, Diane |
| 245 ## - TITLE STATEMENT | |
| Title | Differentiating instruction in the regular classroom : |
| Remainder of title | how to reach and teach all learners / |
| Statement of responsibility, etc | Diane Heacox. |
| 250 ## - EDITION STATEMENT | |
| Edition statement | Updated anniversary ed. |
| 260 ## - PUBLICATION, DISTRIBUTION, ETC. (IMPRINT) | |
| Place of publication, distribution, etc | Minnesota : |
| Name of publisher, distributor, etc | Free Spirit Pub., |
| Date of publication, distribution, etc | c2012. |
| 300 ## - PHYSICAL DESCRIPTION | |
| Extent | 167 p. : |
| Other physical details | ill. ; |
| Dimensions | 28 cm. |
| Accompanying material | + 1 CD-ROM (4 3/4 in.) |
| 500 ## - GENERAL NOTE | |
| General note | Includes bibliographical references and index. |
| 521 ## - TARGET AUDIENCE NOTE | |
| Target audience note | |
| 650 ## - SUBJECT ADDED ENTRY--TOPICAL TERM | |
| Topical term or geographic name as entry element | Cognitive styles in children. |
| 650 ## - SUBJECT ADDED ENTRY--TOPICAL TERM | |
| Topical term or geographic name as entry element | Individualized instruction. |
| 650 ## - SUBJECT ADDED ENTRY--TOPICAL TERM | |
| Topical term or geographic name as entry element | Mixed ability grouping in education. |
| 942 ## - ADDED ENTRY ELEMENTS (KOHA) | |
| Call number prefix | Foreign |
| Koha item type | Books |
| Withdrawn status | Lost status | Damaged status | Home library | Current library | Shelving location | Date acquired | Total Checkouts | Full call number | Barcode | Date last seen | Price effective from | Koha item type |
|---|---|---|---|---|---|---|---|---|---|---|---|---|
| Withdrawn | College Library | College Library | Reserve Section | 03/21/2014 | LB 1031 .H39 2012 | C17932 | 10/05/2014 | 03/21/2014 | Books |